|
|
|
|
| LEADER |
00598cam a2200217 7i4500 |
| 001 |
0000036734 |
| 005 |
20211216090000.0 |
| 007 |
##ta |
| 008 |
211216s2017 enka j 000 |
| 020 |
# |
# |
|a 9781474844673
|
| 040 |
# |
# |
|a MATR
|
| 090 |
0 |
0 |
|a FI 813.6
|b BRA
|
| 100 |
1 |
# |
|a Braswell, Liz
|e author
|
| 245 |
1 |
0 |
|a As Old As Time :
|b A Twisted Tale
|c Liz Braswell.
|
| 264 |
# |
0 |
|a Bath:
|b Paper Rocket,
|c 2017.
|
| 300 |
# |
# |
|a 485 pages;
|c 19 cm.
|
| 336 |
# |
# |
|a text
|2 rdacontent
|
| 337 |
# |
# |
|a unmediated
|2 rdamedia
|
| 338 |
# |
# |
|a volume
|2 rdacarrier
|
| 650 |
# |
0 |
|a English fiction
|
| 999 |
|
|
|a 0000041629
|b Book
|c Book
|e BICplus
|